{"text_format":"1","workbook":"xlsx","n_sheets":10,"sheets":["1ª MEDIÇÃO","2ª MEDIÇÃO","3ª MEDIÇÃO","4ª MEDIÇÃO","5ª MEDIÇÃO","6ª MEDIÇÃO","7ª MEDIÇÃO","8ª MEDIÇÃO","9ª MEDIÇÃO","PLANILHA SINTÉTICA"],"not_rendered":{"charts":0,"images":2,"macros":1,"external_links":12,"defined_names":1440,"comments":0,"pivot_tables":0},"unopened":[],"bounds":{"document_bytes":16777216,"sheet_cells":100000,"rows_first":2000,"rows_last":500,"rows_between":2000,"halvings":0,"cell_chars":16384,"cell_head_chars":4096},"cells_cut":0,"cells_raw":0,"read":"whole","date_system":"1900"}

{"sheet":"1ª MEDIÇÃO","index":0,"n_rows":4,"n_cols":10,"rows_kept":4,"cut":false,"hidden":true,"merged":[[0,0,0,8],[1,0,1,8],[2,0,2,8]]}
["TRIBUNAL DE JUSTIÇA DE PERNAMBUCO"]
[{"$f":"#REF!","v":{"$error":"#REF!"}}]
["MEMÓRIA DE CALCULO - 1ª MEDIÇÃO"]
["ITEM","DESCRIÇÃO","QUANT.","LARG.","COMP.","ALT.","TAXA","TOTAL","UNID","MEMORIAL FOTOGRÁFICO"]

{"sheet":"2ª MEDIÇÃO","index":1,"n_rows":4,"n_cols":10,"rows_kept":4,"cut":false,"hidden":true,"merged":[[0,0,0,8],[1,0,1,8],[2,0,2,8]]}
["TRIBUNAL DE JUSTIÇA DE PERNAMBUCO"]
[{"$f":"#REF!","v":{"$error":"#REF!"}}]
["MEMÓRIA DE CALCULO - 2ª MEDIÇÃO"]
["ITEM","DESCRIÇÃO","QUANT.","LARG.","COMP.","ALT.","TAXA","TOTAL","UNID","MEMORIAL FOTOGRÁFICO"]

{"sheet":"3ª MEDIÇÃO","index":2,"n_rows":4,"n_cols":10,"rows_kept":4,"cut":false,"hidden":true,"merged":[[0,0,0,8],[1,0,1,8],[2,0,2,8]]}
["TRIBUNAL DE JUSTIÇA DE PERNAMBUCO"]
[{"$f":"#REF!","v":{"$error":"#REF!"}}]
["MEMÓRIA DE CALCULO - 3ª MEDIÇÃO"]
["ITEM","DESCRIÇÃO","QUANT.","LARG.","COMP.","ALT.","TAXA","TOTAL","UNID","MEMORIAL FOTOGRÁFICO"]

{"sheet":"4ª MEDIÇÃO","index":3,"n_rows":4,"n_cols":10,"rows_kept":4,"cut":false,"hidden":true,"merged":[[0,0,0,8],[1,0,1,8],[2,0,2,8]]}
["TRIBUNAL DE JUSTIÇA DE PERNAMBUCO"]
[{"$f":"#REF!","v":{"$error":"#REF!"}}]
["MEMÓRIA DE CALCULO - 4ª MEDIÇÃO"]
["ITEM","DESCRIÇÃO","QUANT.","LARG.","COMP.","ALT.","TAXA","TOTAL","UNID","MEMORIAL FOTOGRÁFICO"]

{"sheet":"5ª MEDIÇÃO","index":4,"n_rows":4,"n_cols":10,"rows_kept":4,"cut":false,"hidden":true,"merged":[[0,0,0,8],[1,0,1,8],[2,0,2,8]]}
["TRIBUNAL DE JUSTIÇA DE PERNAMBUCO"]
[{"$f":"#REF!","v":{"$error":"#REF!"}}]
["MEMÓRIA DE CALCULO - 5ª MEDIÇÃO"]
["ITEM","DESCRIÇÃO","QUANT.","LARG.","COMP.","ALT.","TAXA","TOTAL","UNID","MEMORIAL FOTOGRÁFICO"]

{"sheet":"6ª MEDIÇÃO","index":5,"n_rows":4,"n_cols":10,"rows_kept":4,"cut":false,"hidden":true,"merged":[[0,0,0,8],[1,0,1,8],[2,0,2,8]]}
["TRIBUNAL DE JUSTIÇA DE PERNAMBUCO"]
[{"$f":"#REF!","v":{"$error":"#REF!"}}]
["MEMÓRIA DE CALCULO - 6ª MEDIÇÃO"]
["ITEM","DESCRIÇÃO","QUANT.","LARG.","COMP.","ALT.","TAXA","TOTAL","UNID","MEMORIAL FOTOGRÁFICO"]

{"sheet":"7ª MEDIÇÃO","index":6,"n_rows":4,"n_cols":10,"rows_kept":4,"cut":false,"hidden":true,"merged":[[0,0,0,8],[1,0,1,8],[2,0,2,8]]}
["TRIBUNAL DE JUSTIÇA DE PERNAMBUCO"]
[{"$f":"#REF!","v":{"$error":"#REF!"}}]
["MEMÓRIA DE CALCULO - 7ª MEDIÇÃO"]
["ITEM","DESCRIÇÃO","QUANT.","LARG.","COMP.","ALT.","TAXA","TOTAL","UNID","MEMORIAL FOTOGRÁFICO"]

{"sheet":"8ª MEDIÇÃO","index":7,"n_rows":4,"n_cols":10,"rows_kept":4,"cut":false,"hidden":true,"merged":[[0,0,0,8],[1,0,1,8],[2,0,2,8]]}
["TRIBUNAL DE JUSTIÇA DE PERNAMBUCO"]
[{"$f":"#REF!","v":{"$error":"#REF!"}}]
["MEMÓRIA DE CALCULO - 8ª MEDIÇÃO"]
["ITEM","DESCRIÇÃO","QUANT.","LARG.","COMP.","ALT.","TAXA","TOTAL","UNID","MEMORIAL FOTOGRÁFICO"]

{"sheet":"9ª MEDIÇÃO","index":8,"n_rows":4,"n_cols":10,"rows_kept":4,"cut":false,"hidden":true,"merged":[[0,0,0,8],[1,0,1,8],[2,0,2,8]]}
["TRIBUNAL DE JUSTIÇA DE PERNAMBUCO"]
[{"$f":"#REF!","v":{"$error":"#REF!"}}]
["MEMÓRIA DE CALCULO - 9ª MEDIÇÃO"]
["ITEM","DESCRIÇÃO","QUANT.","LARG.","COMP.","ALT.","TAXA","TOTAL","UNID","MEMORIAL FOTOGRÁFICO"]

{"sheet":"PLANILHA SINTÉTICA","index":9,"n_rows":57,"n_cols":7,"rows_kept":57,"cut":false,"hidden":false,"merged":[[6,5,6,6],[0,7,0,8],[1,7,1,8],[2,7,2,8],[0,0,0,3],[0,5,0,6],[1,0,2,3],[1,5,1,6],[2,5,2,6],[56,0,56,5],[3,7,3,8],[4,7,4,8],[7,5,7,6],[7,4,8,4],[7,0,8,0],[7,2,8,2],[7,3,8,3],[7,1,8,1],[5,7,5,8],[6,7,6,8],[3,0,4,3],[3,5,3,6],[4,5,4,6],[5,0,6,3],[5,5,5,6]]}
["PODER JUDICIÁRIO",null,null,null,"Obra:","FORNECIMENTO E INSTALAÇÃO DE SISTEMA DE AR CONDICIONADO TIPO VRF PARA SUBSTITUIÇÃO DOS EQUIPAMENTOS E INFRAESTRUTURA QUE ATENDEM O FÓRUM LOURENÇO JOSÉ RIBERIO EM OLINDA/PE"]
["TRIBUNAL DE JUSTIÇA DE PERNAMBUCO",null,null,null,"Local:","AV. PAN NORDESTINA s/n - VILA POPULAR - OLINDA -PE"]
[null,null,null,null,"Contrato:","037/2024 -TJPE"]
["DIRETORIA DE ENGENHARIA E ARQUITETURA",null,null,null,"Situação:","Encerrada"]
[null,null,null,null,"Contratada:","ARPLAN ENGENHARIA TÉRMICA LTDA"]
["QUANTITATIVOS E PREÇOS CONTRATADOS",null,null,null,"Valor Total:",{"$f":"G57","v":3039999.37}]
[null,null,null,null,"DATA ASSINATURA DO CONTRATO","2024-05-06"]
["ITEM","Cód. Efisco","DESCRIÇÃO","UN","QUANT. TOTAL","TOTAL"]
[null,null,null,null,null,"P. UNIT","P. TOTAL"]
["1.0",null,"CLIMATIZAÇÃO - EQUIPAMENTOS VRF"]
["1.1","390390-7","Fornecimento e instalação de evaporadora HIWALL - VRF, capacidade 7.500 BTU/h. (fabricante LG e modelo ARNU09GSJA4, ou similar).","und",33,2339.8199999999997,77214.06]
["1.2","401720-0","Fornecimento e instalação de evaporadora HIWALL - VRF, capacidade 9.600 BTU/h. (fabricante LG e modelo ARNU09GSJA4 ou similar).","und",16,2562.6899999999996,41003.039999999994]
["1.3","593410-9","Fornecimento e instalação de evaporadora HIWALL - VRF, capacidade 12.300 BTU/h. (fabricante LG e modelo ARNU12GSJC4 ou similar)","und",16,2737.0699999999997,43793.119999999995]
["1.4","593411-7","Fornecimento e instalação de evaporadora HIWALL - VRF, capacidade 15.400 BTU/h. (fabricante LG e modelo ARNU15GSJC4 ou similar)","und",4,3121.6099999999997,12486.439999999999]
["1.5","593412-5","Fornecimento e instalação de evaporadora HIWALL - VRF, capacidade 19.100 BTU/h. (fabricante LG e modelo ARNU18GSKC4 ou similar)","und",12,3455.35,41464.199999999997]
["1.6","424955-0","Fornecimento e instalação de evaporadora HIWALL - VRF, capacidade 24.200 BTU/h. (fabricante LG e modelo ARNU24GSKA4 ou similar)","und",3,4019.95,12059.849999999999]
["1.7","390402-4","Fornecimento e instalação de evaporadora CASSETE 4 VIAS - VRF, capacidade 9.600 BTU/h. (fabricante LG e modelo ARNU09GTRA4 ou similar)","und",2,4408.04,8816.08]
["1.8","390403-2","Fornecimento de evaporadora CASSETE 4 VIAS - VRF, capacidade 12.300 BTU/h. (fabricante LG e modelo ARNU12GTRC4 ou similar)","und",124,4431.1400000000003,549461.36]
["1.9","593439-7","Fornecimento de evaporadora CASSETE 4 VIAS - VRF, capacidade 15.400 BTU/h. (fabricante LG e modelo ARNU15GTQB4 ou similar)","und",26,4964.6499999999996,129080.9]
["1.10","422138-9","Fornecimento de evaporadora CASSETE 4 VIAS - VRF, capacidade 19.100 BTU/h. (fabricante LG e modelo ARNU18GTQB4 ou similar)","und",17,5471.61,93017.37]
["1.11","422139-7","Fornecimento de evaporadora CASSETE 4 VIAS - VRF, capacidade 24.200 BTU/h. (fabricante LG e modelo ARNU24GTPA4 ou similar)","und",27,5411.5599999999995,146112.12]
["1.12","593444-3","Fornecimento de evaporadora CASSETE 4 VIAS - VRF, capacidade 28.000 BTU/h. (fabricante LG e modelo ARNU28GTPA4 ou similar)","und",1,5782.21,5782.21]
["1.13","593445-1","Fornecimento de evaporadora CASSETE 4 VIAS - VRF, capacidade 30.700 BTU/h. (fabricante LG e modelo ARNU30GTPC4 ou similar)","und",3,5943.92,17831.760000000002]
["1.14","593446-0","Fornecimento de evaporadora CASSETE 4 VIAS - VRF, capacidade 36.200 BTU/h. (fabricante LG e modelo ARNU36GTNC4 ou similar)","und",12,5939.93,71279.16]
["1.15","593447-8","Fornecimento de evaporadora PISO TETO - VRF, capacidade 36.200 BTU/h. (fabricante LG e modelo ARNU36GV2A4 ou similar)","und",6,5523.68,33142.080000000002]
["1.16","406271-0","Fornecimento de Unidade Condensadora com capacidade de 18 HP ou 172.000 btu/h de resfriamento. (modelo LG ARUN180LTE5 ou similar).","und",1,41873.159999999996,41873.159999999996]
["1.17","462071-2","Fornecimento de Unidade Condensadora com capacidade de 20 HP ou 191.100 btu/h de resfriamento. (modelo LG ARUN200LTE5 ou similar)","und",2,48711.849999999991,97423.699999999983]
["1.18","593645-4","Fornecimento de combinação de Unidades Condensadoras com capacidade de 12HP  e 16 HP, com o total de 267.500 btu/h de resfriamento. (modelo LG ARUN280LTE5 ou similar)","und",3,64361.049999999996,193083.15]
["1.19","593644-6","Fornecimento de combinação de Unidades Condensadoras com capacidade de 12HP  e 18 HP, com o total de 286.600 btu/h de resfriamento. (modelo LG ARUN300LTE5 ou similar)","und",1,66251.789999999994,66251.789999999994]
["1.20","593643-8","Fornecimento de combinação de Unidades Condensadoras com capacidade de 14HP  e 24 HP, com o total de 363.100 btu/h de resfriamento. (modelo LG ARUN380LTE5 ou similar)","und",1,95072.12,95072.12]
["1.21","593642-0","Fornecimento de combinação de Unidades Condensadoras com capacidade de 16HP  e 24 HP, com o total de 382.200 btu/h de resfriamento. (modelo LG ARUN400LTE5 ou similar)","und",1,98588.579999999987,98588.579999999987]
["1.22","593641-1","Fornecimento de combinação de Unidades Condensadoras com capacidade de 18HP  e 24 HP, com o total de 401.300 btu/h de resfriamento. (modelo LG ARUN420LTE5 ou similar)","und",1,99595.78,99595.78]
["1.23","593639-0","Fornecimento de combinação de Unidades Condensadoras com capacidade de 20HP  e 24 HP, com o total de 420.400 btu/h de resfriamento. (modelo LG ARUN440LTE5 ou similar)","und",3,107120.65,321361.94999999995]
["2.0","4.4.90.51.91","CLIMATIZAÇÃO - INFRAESTRUTURA VRF",null,0,null,0]
["2.1","593355-2","Fornecimento de tubulação de cobre de bitola 1 1/2\", com parede 1/16\", revestido com tubo de espuma elastomérica de Condutibilidade térmica máx 0,035 W/m ºC, espessura 19mm e diametro de 1 1/2\".","m",6.4,200.9,1285.7600000000002]
["2.2","563757-0","Fornecimento e instalação de tubulação de cobre de bitola 1 5/8\", com parede 1/16\", revestido com  tubo de espuma elastomérica de Condutibilidade térmica máx 0,035 W/m ºC, espessura 19mm e diametro de 1 5/8\".","m",178.7,212.10000000000002,37902.270000000004]
["2.3","593357-9","Fornecimento e instalação de tubulação de cobre de bitola 1\", com parede 1/16\", revestido com  tubo de espuma elastomérica de Condutibilidade térmica máx 0,035 W/m ºC, espessura 19mm e diametro de 1\".","m",17.7,153.27000000000001,2712.8789999999999]
["2.4","593358-7","Fornecimento e instalação de tubulação de cobre de bitola 1 1/4\", com parede 1/16\", revestido com tubo de espuma elastomérica de Condutibilidade térmica máx 0,035 W/m ºC, espessura 19mm e diametro de 1 1/4\".","m",3.6,168.56,606.81600000000003]
["2.5","593363-3","Fornecimento e instalação de tubulação de cobre de bitola 1 3/8\", com parede 1/16\", revestido com tubo de espuma elastomérica de Condutibilidade térmica máx 0,035 W/m ºC, espessura 19mm e diametro de 1 3/8\".","m",154.6,184.62,28542.252]
["2.6","593365-0","Fornecimento e instalação de tubulação de cobre de bitola 1 1/8\", com parede 1/16\", revestido com tubo de espuma elastomérica de Condutibilidade térmica máx 0,035 W/m ºC, espessura 19mm e diametro de 1 1/8\".","m",237.3,157.15,37291.695]
["2.7","593523-7","Fornecimento e instalação de tubulação de cobre de bitola 7/8\", com parede 1/16\", revestido com tubo de espuma elastomérica de Condutibilidade térmica máx 0,035 W/m ºC, espessura 19mm e diametro de 7/8\".","m",125.4,132.07000000000002,16561.578000000005]
["2.8","593367-6","Fornecimento e instalação de tubulação de cobre de bitola 3/4\", com parede 1/32\", revestido com tubo de espuma elastomérica de Condutibilidade térmica máx 0,035 W/m ºC, espessura 19mm e diametro de 3/4\".","m",437.8,72.349999999999994,31674.829999999998]
["2.9","593369-2","Fornecimento e instalação de tubulação de cobre de bitola 5/8\", com parede 1/32\", revestido com tubo de espuma elastomérica de Condutibilidade térmica máx 0,035 W/m ºC, espessura 19mm e diametro de 5/8\".","m",501.1,62.199999999999996,31168.42]
["2.10","593370-6","Fornecimento e instalação de tubulação de cobre de bitola 1/2\", com parede 1/32\", revestido com tubo de espuma elastomérica de Condutibilidade térmica máx 0,035 W/m ºC, espessura 19mm e diametro de 1/2\".","m",1086.3,47.87,52001.180999999997]
["2.11","593372-2","Fornecimento e instalação de tubulação de cobre de bitola 3/8\", com parede 1/32\", revestido com tubo de espuma elastomérica de Condutibilidade térmica máx 0,035 W/m ºC, espessura 19mm e diametro de 3/8\".","m",578.5,43.92,25407.72]
["2.12","593374-9","Fornecimento e instalação de tubulação de cobre de bitola 1/4\", com parede 1/32\", revestido com tubo de espuma elastomérica de Condutibilidade térmica máx 0,035 W/m ºC, espessura 19mm e diametro de 1/4\".","m",941.3,29.950000000000003,28191.935000000001]
["2.13","358319-8","Fornecimento e aplicação de carga de gás R-410a no sistema VRF, conforme especificações do projeto.","kg",418.15,83.1,34748.264999999992]
["2.14","593400-1","Fornecimento e interligação de Cabo Comunicação (SHIELDAD) BLINDADO 1,0mm², conforme especificações do projeto.","m",4268.8,24.28,103646.46400000001]
["2.15","554514-5","Fornecimento de Kit de ramificação (REFNET - modelos LG ARBLN07121,  ARBLN03321,  ARBLN01621,  ARBLN014521 ou similar).","und",289,596.46,172376.94]
["2.16","553952-8","Fornecimento de Kit de ramificação para condensadoras (REFNET - modelos LG  LG ARCNN21, ou similiar).","und",10,786.6,7866]
["2.17","586343-0","Fornecimento e instalação de Válvulas de esfera de corte para refrigeração, GBC, Ø1/4\".","und",173,204.93,35452.89]
["2.18","586344-9","Fornecimento e instalação de Válvulas de esfera de corte para refrigeração, GBC, Ø3/8\".","und",127,204.93,26026.11]
["2.19","586346-5","Fornecimento e instalação de Válvulas de esfera de corte para refrigeração, GBC, Ø1/2\".","und",173,204.93,35452.89]
["2.20","586348-1","Fornecimento e instalação de Válvulas de esfera de corte para refrigeração, GBC, Ø5/8\".","und",127,204.93,26026.11]
["3.0",null,"CLIMATIZAÇÃO - OUTROS SERVIÇOS",null,0,null,0]
["3.1","593464-8"," Remoção de equipamentos VRF (Evaporadoras e Condensadoras).","und",287,32.26,9258.619999999999]
["TOTAL DA OBRA:",null,null,null,null,null,3039999.37]